[Event "GER-chT School WK 4"]
[Site "Playchess.com INT"]
[Date "2020.06.16"]
[Round "1.2"]
[White "Mueller, Yannik"]
[Black "Li, Xianquan"]
[Result "0-1"]
[WhiteElo "1451"]
[BlackElo "1785"]
[PlyCount "54"]
[EventDate "2020.06.16"]
[EventType "team-swiss (blitz)"]
[EventRounds "5"]
[EventCountry "GER"]
[SourceTitle "EXT 2021"]
[Source "ChessBase"]
[SourceDate "2020.10.23"]
[SourceVersion "1"]
[SourceVersionDate "2020.10.23"]
[SourceQuality "1"]
[WhiteTeam "Floeha Gymn"]
[BlackTeam "Paderborn Pelizaeus"]
[WhiteTeamCountry "GER"]
[BlackTeamCountry "GER"]

1. d4 Nf6 2. c4 g6 3. Nc3 Bg7 4. Nf3 0-0 5. Bf4 d6 6. e3 Nbd7 7. Bd3 c5 8. 0-0 b6 9. Re1 Bb7 10. Qc2 d5 11. cxd5 Nxd5 12. Nxd5 Bxd5 13. Be4 Nf6 14. Bxd5 Nxd5 15. Bg3 Rc8 16. Qa4 a5 17. Rad1 c4 18. e4 Nb4 19. Qb5 Nd3 20. Re2 f5 21. exf5 Rxf5 22. Qa4 b5 23. Qc2 b4 24. Qd2 h5 25. Qe3 Bf6 26. Qxe7 Bxe7 27. Rxe7 Qxe7 0-1